| 000 | 01003nam a2200241 a 4500 | ||
|---|---|---|---|
| 001 | 84859 | ||
| 003 | BD-RjUL | ||
| 005 | 20250427120333.0 | ||
| 008 | 250427s1962 ii ||||| |||| 00| 0 ben d | ||
| 035 | _a(BD-RjUL)84859 | ||
| 040 |
_aBD-RjUL _beng _cBD-RjUL |
||
| 041 | _aben | ||
| 082 |
_223 _a891.443 _bMIN 1962 |
||
| 100 |
_aমিত্র, নরেন্দ্রনাথ _915328 |
||
| 245 |
_aনরেন্দ্রনাথ মিত্রের শ্রেষ্ঠ গল্প / _cনরেন্দ্রনাথ মিত্র |
||
| 260 |
_aকলিকাতা : _bমিত্র ও ঘোষ, _c[১৯৬২?] |
||
| 300 |
_a২১৮ পৃ.; _c২৩ সেমি. |
||
| 600 |
_a মিত্র, নরেন্দ্রনাথ, _d১৯১৬ - ১৯৭৫ _915333 |
||
| 600 |
_aMitra, Narendranath, _d1916 - 1975 _915330 |
||
| 650 |
_aবাংলা সাহিত্য _xগল্পসমূহ _915331 |
||
| 650 |
_aBengali Literature _xStories |
||
| 942 |
_2ddc _cBK |
||
| 999 |
_c84859 _d84859 |
||